IPSO Editors' Codes of Practise - Statistics

General Stats
  • This quiz has been taken 248 times
  • The average score is 11 of 16
Answer Stats
Clause Code % Correct
1 Accuracy
98%
2 Privacy
98%
6 Children
93%
3 Harrassment
88%
7 Children in Sex Cases
74%
10 Clandestine Devices and Subterfuge
74%
8 Hospitals
70%
5 Reporting Suicide
67%
11 Victims of Sexual Assault
67%
14 Confidential Sources
63%
15 Witness Payments in Criminal Trials
63%
13 Financial Journalism
60%
12 Discrimination
56%
4 Intrusion into Grief or Shock
53%
9 Reporting of Crime
53%
16 Payments to Criminals
51%
No matching quizzes found
Score Distribution
Percent of People with Each Score
Percentile by Number Answered
Your Score History
You have not taken this quiz